| 000 | 00360cam a2200145ua 4500 | ||
|---|---|---|---|
| 041 |
_aeng _h |
||
| 082 |
_a028.75 _bSHA/CI |
||
| 100 | _aShahane, Alexander. | ||
| 245 |
_aCivil engineering books / _cAlexander Shahane. _hTextual Documents |
||
| 260 |
_aMumbai : _bEngineering Book Co.. |
||
| 300 | _a315 ; . | ||
| 504 | _a | ||
| 942 | _cBK | ||
| 999 |
_c3778 _d3778 |
||